297 US Places 50+ Miles From A Larger US Place (48 Contiguous) Quiz Stats

Quiz not verified by Sporcle

Also try: US Cities on a Map
Challenge
Share
Tweet
AK and HI **NOT INCLUDED**
Score 0/297 Timer 20:00
0 Plays Today
Pop Place % Correct
104,170Billings, MT
87.1%
105,549Fargo, ND
86.7%
173,514Jackson, MS
84.5%
65,211Jackson, TN
84.5%
159,498Springfield, MO
84.1%
116,250Springfield, IL
84.1%
9,577Jackson, WY
84.1%
86,265Duluth, MN
80.4%
61,272Bismarck, ND
80.4%
153,888Sioux Falls, SD
79.3%
66,788Missoula, MT
75.6%
120,083Charleston, SC
75.3%
51,400Charleston, WV
75.3%
106,769Rochester, MN
73.8%
97,856Albany, NY
73.4%
77,434Albany, GA
73.4%
66,194Portland, ME
73.1%
55,316Casper, WY
73.1%
136,286Savannah, GA
72.3%
13,646Pierre, SD
72.3%
129,272Columbia, SC
72%
108,500Columbia, MO
72%
37,280Bozeman, MT
72%
195,111Mobile, AL
71.6%
73,580Fayetteville, AR
71.6%
28,190Helena, MT
70.5%
34,200Butte-Silver Bow, MT
69.7%
199,311Shreveport, LA
69%
190,695Amarillo, TX
69%
189,885Columbus, GA
69%
156,185Eugene, OR
69%
126,326Cedar Rapids, IA
69%
65,870Flagstaff, AZ
69%
67,956Rapid City, SD
67.9%
26,091Aberdeen, SD
67.9%
56,813Idaho Falls, ID
67.5%
120,623Lafayette, LA
67.2%
89,861Redding, CA
66.4%
58,505Great Falls, MT
66.4%
104,057Green Bay, WI
65.3%
97,032Roanoke, VA
65.3%
181,376Tallahassee, FL
64.9%
178,874Knoxville, TN
64.9%
101,786Erie, PA
64.9%
58,566Grand Junction, CO
64.9%
193,524Little Rock, AR
64.6%
188,040Grand Rapids, MI
63.8%
180,105Huntsville, AL
63.8%
42,417Burlington, VT
63.5%
83,393Asheville, NC
63.1%
99,685Davenport, IA
62.7%
111,147Midland, TX
62.4%
33,039Bangor, ME
62.4%
117,429Evansville, IN
62%
93,064Yuma, AZ
61.6%
145,170Syracuse, NY
60.9%
27,191Eureka, CA
60.9%
117,063Abilene, TX
60.5%
48,366Roswell, NM
60.5%
127,473Topeka, KS
60.1%
52,838Grand Forks, ND
60.1%
115,007Peoria, IL
59.8%
109,565Manchester, NH
59.4%
86,209Fort Smith, AR
59%
167,674Chattanooga, TN
58.7%
106,476Wilmington, NC
58.3%
175,023Brownsville, TX
57.9%
116,714Athens, GA
57.2%
104,553Wichita Falls, TX
55.7%
84,554Greenville, NC
55.7%
72,897St. George, UT
55.7%
58,409Greenville, SC
55.7%
34,400Greenville, MS
55.7%
51,923Pensacola, FL
55%
91,351Macon, GA
53.5%
76,639Bend, OR
53.5%
31,894Lewiston, ID
53.5%
18,297Elko, NV
53.5%
67,793Gulfport, MS
52%
58,067Bowling Green, KY
51.7%
101,168South Bend, IN
50.6%
91,067Yakima, WA
50.6%
27,340Dodge City, KS
50.6%
76,089Scranton, PA
50.2%
43,079Jefferson City, MO
50.2%
40,888Minot, ND
50.2%
124,354Gainesville, FL
49.8%
143,986Fort Collins, CO
49.4%
186,440Salt Lake City, UT
49.1%
45,877Farmington, NM
48.7%
44,125Twin Falls, ID
48.7%
21,355Marquette, MI
48.7%
24,649Key West, FL
48.3%
14,144Sault Ste. Marie, MI
48.3%
48,815Monroe, LA
48%
114,297Lansing, MI
47.6%
29,087Gillette, WY
45.8%
50,150Joplin, MO
45.4%
65,883Eau Claire, WI
44.6%
Pop Place % Correct
54,518Valdosta, GA
44.6%
4,255Ely, NV
42.8%
152,871Rockford, IL
42.4%
52,527Lake Havasu City, AZ
42.4%
21,678Gallup, NM
42.4%
74,907Medford, OR
42.1%
67,862Iowa City, IA
42.1%
45,989Hattiesburg, MS
41.7%
48,520Grand Island, NE
41%
9,520Cody, WY
40.6%
93,200San Angelo, TX
40.2%
86,187Chico, CA
40.2%
65,496Dothan, AL
39.5%
67,263Jonesboro, AR
38.7%
6,424International Falls, MN
38.7%
37,941Cape Girardeau, MO
38.4%
154,305Cape Coral, FL
38%
118,296Beaumont, TX
38%
25,024Paducah, KY
38%
63,152Johnson City, TN
37.3%
47,723Alexandria, LA
37.3%
24,733North Platte, NE
37.3%
129,877McAllen, TX
36.9%
73,917Kennewick, WA
36.5%
27,692Garden City, MI
36.5%
71,993Lake Charles, LA
35.8%
57,637Dubuque, IA
35.8%
36,484Panama City, FL
35.4%
127,921Killeen, TX
34.7%
96,900Tyler, TX
34.3%
49,379Enid, OK
34.3%
19,927Kalispell, MT
34.3%
80,885Bellingham, WA
33.6%
36,411Texarkana, TX
33.2%
17,444Sheridan, WY
33.2%
14,716Williston, ND
32.8%
13,431Bemidji, MN
32.8%
8,216Ashland, WI
32.8%
60,785Terre Haute, IN
32.1%
81,055Champaign, IL
31.7%
22,056Brookings, SD
31.4%
164,603Port St. Lucie, FL
31%
20,525Liberal, KS
31%
47,707Salina, KS
30.6%
1,741Baker, MT
30.3%
93,857College Station, TX
28.8%
17,787Dickinson, ND
28.8%
15,427Jamestown, ND
28.8%
9,182Grants, NM
28.8%
35,591Del Rio, TX
28.4%
7,396Winnemucca, NV
28.4%
41,148Meridian, MS
28%
13,590Brainerd, MN
27.7%
68,406Waterloo, IA
27.3%
12,359Evanston, WY
27.3%
3,250Glasgow, MT
27.3%
27,023Watertown, NY
26.9%
46,320Altoona, PA
26.2%
37,775Clovis, NM
25.8%
23,036Rock Springs, WY
25.8%
4,410West Wendover, NV
25.5%
56,346Union, NY
25.1%
39,843Prescott, AZ
25.1%
34,546Tupelo, MS
23.6%
14,454Yankton, SD
23.6%
39,106Wausau, WI
23.2%
15,039Scottsbluff, NE
23.2%
31,492Parkersburg, WV
22.5%
24,210Norfolk, NE
22.5%
20,840Klamath Falls, OR
22.5%
5,046Moab, UT
22.5%
20,510Hays, KS
22.1%
6,475Truth or Consequences, NM
21.8%
27,109Myrtle Beach, SC
21.4%
10,483Alpena, MI
21%
62,592Victoria, TX
20.7%
15,254Mitchell, SD
20.7%
2,806Burns, OR
20.7%
39,309Mankato, MN
20.3%
2,848Santa Rosa, NM
19.9%
9,310Havre, MT
19.6%
9,692Presque Isle, ME
19.2%
34,122Hobbs, NM
18.8%
30,403Alamogordo, NM
18.5%
9,655Winslow, AZ
18.5%
7,247Page, AZ
18.5%
42,598El Centro, CA
18.1%
26,138Carlsbad, NM
17.7%
12,088Steamboat Springs, CO
17.3%
8,780Pecos, TX
17.3%
8,410Miles City, MT
17.3%
99,553Santa Maria, CA
17%
43,888Sierra Vista, AZ
16.6%
15,792Natchez, MS
16.6%
28,079Mason City, IA
16.2%
14,777Sterling, CO
16.2%
10,615Riverton, WY
16.2%
20,817Blythe, CA
15.9%
25,171Paris, TX
14.8%
Pop Place % Correct
12,943Harrison, AR
14.8%
26,248Eagle Pass, TX
14.4%
8,283Fort Stockton, TX
14%
7,643Crescent City, CA
14%
30,343Salisbury, MD
13.7%
17,947Susanville, CA
13.3%
9,051Socorro, NM
13.3%
7,551Richfield, UT
13.3%
5,905Alpine, TX
13.3%
9,096Trinidad, CO
12.9%
343Jordan, MT
12.9%
19,559Rolla, MO
12.5%
14,855Deming, NM
12.2%
10,660Show Low, AZ
12.2%
31,925Wenatchee, WA
11.8%
24,916Emporia, KS
11.8%
14,649Waycross, GA
11.4%
13,620The Dalles, OR
11.4%
36,856Gadsden, AL
10.7%
15,751Uvalde, TX
10.7%
48,914Harrisonburg, VA
10.3%
19,132Montrose, CO
10.3%
7,804Lamar, CO
10.3%
5,363Tucumcari, NM
10.3%
8,234Mammoth Lakes, CA
10%
3,376Shelby, MT
9.6%
9,259Rawlins, WY
9.2%
8,780Alamosa, CO
9.2%
7,141Devils Lake, ND
8.9%
3,123Calais, ME
8.5%
2,827Alturas, CA
8.5%
21,181Roseburg, OR
8.1%
16,361Hibbing, MN
8.1%
9,089Vernal, UT
8.1%
3,027Sonora, TX
8.1%
2,063Van Horn, TX
8.1%
35,067Lufkin, TX
7.7%
13,680Marshall, MN
7.7%
6,903Pikeville, KY
7.7%
5,487Worland, WY
7.7%
5,387Colby, KS
7.7%
5,851Chadron, NE
7.4%
1,744John Day, OR
7.4%
17,994Pampa, TX
7%
9,614Glenwood Springs, CO
7%
3,465Mobridge, SD
7%
1,997Malta, MT
7%
1,880Limon, CO
7%
182Hyannis, NE
7%
7,698McCook, NE
6.6%
1,271West Yellowstone, MT
6.6%
22,347Kerrville, TX
6.3%
9,566Safford, AZ
6.3%
23,888Starkville, MS
5.9%
20,366Moses Lake, WA
5.9%
8,715Price, UT
5.9%
5,901Lewistown, MT
5.9%
13,138Fergus Falls, MN
5.5%
7,077La Junta, CO
5.5%
3,375Blanding, UT
5.5%
2,030Pinedale, WY
5.5%
3,112Salmon, ID
5.2%
1,925New Town, ND
5.2%
27,616Ridgecrest, CA
4.8%
12,051Woodward, OK
4.8%
4,426Presidio, TX
4.8%
18,383McAlester, OK
4.4%
5,395Concordia, KS
4.4%
4,673Colville, WA
4.4%
17,962Clarksdale, MS
4.1%
6,105Childress, TX
4.1%
2,876Rugby, ND
4.1%
2,633Roseau, MN
4.1%
468Broadus, MT
4.1%
36,609Brighton, NY
3.7%
30,435Cookeville, TN
3.7%
3,816Scott City, KS
3.7%
2,991McCall, ID
3.7%
19,288Brownwood, TX
3.3%
19,813Altus, OK
3%
12,790McComb, MS
3%
21,387Sedalia, MO
2.6%
11,693Elk City, OK
2.6%
19,610Willmar, MN
2.2%
2,897Winner, SD
2.2%
1,894Lovelock, NV
2.2%
7,960Hailey, ID
1.8%
4,845Omak, WA
1.8%
3,121Beulah, ND
1.8%
1,318Eagle Butte, SD
1.8%
2,936Big Lake, TX
1.5%
8,214Schoolcraft, MI
1.1%
3,705O'Neill, NE
1.1%
1,878Langdon, ND
1.1%
1,734Plentywood, MT
1.1%
1,616West Cook, MN
1.1%
1,227Lemmon, SD
1.1%
365Dell City, TX
1.1%
779Philip, SD
0.7%

You're not logged in!

Compare scores with friends on all Sporcle quizzes.
Sign Up with Email
OR
Log In

You Might Also Like...

Show Comments

Extras

Top Quizzes Today


Score Distribution

Your Account Isn't Verified!

In order to create a playlist on Sporcle, you need to verify the email address you used during registration. Go to your Sporcle Settings to finish the process.

Report this User

Report this user for behavior that violates our Community Guidelines.

Details: